00615pab a2200193 454500008004000000100001700040245009900057260000900156300001500165362000800180650002900188650001900217650002300236700001600259773001100275909001100286999001900297952010500316180718b2015 xxu||||| |||| 00| 0 eng d aRoy, Supriyo aStrategic planning for management of technology - an empirical study with Indian steel sectors c2015 ap.121-131. aJun aIndia - Steel industries aSteel industry aStrategic planning aSingh, S.N. aVision a109352 c109347d109347 00104070aIIPAbIIPAd2018-07-19hVolume no: 19, Issue no: 2pAR109812r2018-07-19w2018-07-19yAR